000 00545nam a2200241Ia 4500
003 IT-RoPAU
005 20220918175828.0
008 120407s9999 xx 000 0 und d
040 _aIT-RoPAU
040 _cIT-RoPAU
041 _aita
100 _aJonas d’Orléans
_936004
245 _aLe metier de roi. (De Institutione regia)
250 _aParis
260 _aDu Cerf
260 _c1995
300 _a304 p.
300 _c cm
490 _aSources chretiennes n. 407
490 _v1
942 _cBK
_2ddc
999 _c32016
_d32016